Informe de encuesta: a diez años del referédndum del TLC: percepciones sobre sus implicaciones sociales, económicas y políticas /
Se analiza la percepción de la sociedad respecto a las implicaciones del Tratado de Libre Comercio (TLC) a diez años de su referéndum. El texto examina las opiniones de la población sobre los impactos sociales, económicos y políticos del TLC en el contexto local y regional. A través de investigacion...
Guardado en:
| Institution som forfatter: | |
|---|---|
| Format: | Bog |
| Sprog: | Spanish |
| Udgivet: |
Heredia:
IDESPO,
[2017]
|
| Fag: | |
| Tags: |
Tilføj Tag
Ingen Tags, Vær først til at tagge denne postø!
|
MARC
| LEADER | 00000nam a2200000 4500 | ||
|---|---|---|---|
| 003 | cru CIDCACS/IIS | ||
| 005 | 20230831152258.0 | ||
| 008 | 210204s2017 cr |||||r|||||||| ||spa|d | ||
| 040 | |c cru CIDCACS/IIS | ||
| 090 | |a 05.03.03 I43in | ||
| 110 | 1 | |a Universidad Nacional (Costa Rica). |b Instituto de Estudios Sociales en Población |e Autor |9 9805 | |
| 245 | 1 | |a Informe de encuesta: |b a diez años del referédndum del TLC: percepciones sobre sus implicaciones sociales, económicas y políticas / |c Instituto de Estudios Sociales en Población | |
| 260 | |a Heredia: |b IDESPO, |c [2017] | ||
| 300 | |a 33 páginas: |b tablas, gráficos | ||
| 520 | 3 | |a Se analiza la percepción de la sociedad respecto a las implicaciones del Tratado de Libre Comercio (TLC) a diez años de su referéndum. El texto examina las opiniones de la población sobre los impactos sociales, económicos y políticos del TLC en el contexto local y regional. A través de investigaciones y encuestas, se evalúan las percepciones de diversos sectores acerca de los resultados y consecuencias del tratado en términos de crecimiento económico, empleo, distribución de la riqueza y participación política. Además, se aborda cómo la implementación del TLC ha influido en las relaciones internacionales y la posición del país en la economía global. El análisis brinda una comprensión más profunda de cómo el tratado ha afectado la vida cotidiana de la población y las dinámicas políticas y económicas de la región. RAR | |
| 650 | 0 | 0 | |2 OCDE |9 3831 |a TRATADO DE LIBRE COMERCIO |
| 650 | 0 | 0 | |2 OCDE |9 4778 |a PERCEPCIÓN |
| 650 | 0 | 0 | |2 OCDE |9 7542 |a CONSECUENCIAS ECONOMICAS |
| 650 | 0 | 0 | |2 OCDE |9 2111 |a CONSECUENCIAS SOCIALES |
| 650 | 0 | 0 | |2 OCDE |9 6354 |a ENCUESTAS |
| 650 | 0 | 0 | |2 OCDE |9 7714 |a IMPACTO |
| 650 | 0 | 0 | |2 OCDE |9 288 |a EMPLEO |
| 650 | 0 | 0 | |2 OCDE |9 2565 |a DISTRIBUCION DE LA RIQUEZA |
| 650 | 0 | 4 | |2 OCDE |9 3207 |a PARTICIPACION POLITICA |
| 650 | 0 | 4 | |2 OCDE |9 2646 |a RELACIONES INTERNACIONALES |
| 650 | 0 | 0 | |2 OCDE |9 4406 |a ECONOMIA INTERNACIONAL |
| 942 | |2 ddc |c LI | ||
| 999 | |c 42281 |d 42281 | ||
